[Event "Euskadi-ch"]
[Site "Euskadi"]
[Date "2000.??.??"]
[Round "4"]
[White "Alias Franco, Ricardo"]
[Black "Arce Balluerca, Jorge"]
[Result "1/2-1/2"]
[WhiteElo "2165"]
[BlackElo "2149"]
[PlyCount "89"]
[EventDate "2000.??.??"]
[Source "www.chesslib.no"]
[SourceDate "2004.05.04"]

1. d4 f5 2. c4 Nf6 3. Nf3 g6 4. e3 Bg7 5. Nc3 O-O 6. Be2 e6 7. O-O d6 8. b3 Nc6 9. Bb2 Ne7 10. Qc2 h6 11. e4 fxe4 12. Nxe4 Nh5 13. g3 Bd7 14. Nh4 Be8 15. f4 Nf5 16. Nxf5 exf5 17. Nd2 Nf6 18. Bf3 c6 19. Bg2 Bf7 20. Qd3 Qb6 21. Rae1 Rfe8 22. h3 d5 23. c5 Qc7 24. Nf3 Ne4 25. Ne5 Re7 26. b4 Ree8 27. a3 a6 28. a4 Kh7 29. Kh2 Bf6 30. Bf3 Rg8 31. Bd1 Be6 32. Bc1 Rg7 33. Rg1 Rag8 34. Rg2 Qe7 35. Reg1 g5 36. Be2 g4 37. hxg4 fxg4 38. Rh1 Bf5 39. Qe3 Rh8 40. Kg1 Kg8 41. Rgh2 Rgh7 42. Rh5 Bxe5 43. dxe5 Qe6 44. Bb2 Rf7 45. Bd4 1/2-1/2

[Event "Serpukhov (Russia)"]
[Site "?"]
[Date "2001.??.??"]
[Round "5"]
[White "Idrisova Roza"]
[Black "Kharashkina Bairta"]
[Result "0-1"]
[WhiteElo "2106"]
[BlackElo "2178"]
[PlyCount "118"]
[EventDate "2001.??.??"]
[Source "www.chesslib.no"]
[SourceDate "2004.05.04"]

1. d4 f5 2. c4 Nf6 3. e3 g6 4. Bd3 Bg7 5. Ne2 d6 6. Nbc3 O-O 7. O-O e5 8. f3 Nc6 9. d5 Ne7 10. Rb1 g5 11. Ng3 h5 12. Qc2 Qd7 13. b4 h4 14. Nh1 g4 15. f4 Nh5 16. fxe5 Bxe5 17. Ne2 Qe8 18. Nf2 Bd7 19. Bb2 Qg6 20. Nd1 Qg5 21. Nd4 Rf6 22. Qe2 Raf8 23. Nc3 Rh6 24. Qe1 Ng3 25. Rf2 f4 26. Ne4 Nxe4 27. exf4 Rxf4 28. Bxe4 Rxf2 29. Qxf2 Rf6 30. Qe2 Qf4 31. g3 hxg3 32. Ne6 gxh2+ 33. Kh1 Bxe6 34. Bxe5 dxe5 35. dxe6 c6 36. b5 Rxe6 37. bxc6 bxc6 38. Rf1 Qg3 39. Qxh2 Qxh2+ 40. Kxh2 Rd6 41. Kg3 Rd4 42. Bc2 Kg7 43. c5 Nd5 44. Rf2 Nf6 45. Bf5 Rc4 46. Rb2 Kh6 47. Kh4 Rf4 48. Be6 Rf3 49. Rh2 Kg6 50. Bc8 Rc3 51. Bxg4 Rc4 52. Rg2 Rxg4+ 53. Rxg4+ Nxg4 54. Kxg4 Kf6 55. Kf3 Kf5 56. Ke3 e4 57. Ke2 Ke5 58. Ke3 Kd5 59. a3 a6 0-1

[Event "Open"]
[Site "Dubna RUS"]
[Date "2007.08.08"]
[Round "8"]
[White "Karklin, V."]
[Black "Veselov, A."]
[Result "1-0"]
[WhiteElo "2230"]
[BlackElo "2031"]
[PlyCount "31"]
[EventDate "2007.08.02"]
[Source "www.chesslib.no"]
[SourceDate "2004.05.04"]

1. d4 f5 2. c4 Nf6 3. Nf3 e6 4. g3 b6 5. Bg2 Bb7 6. O-O Be7 7. Nc3 O-O 8. Qc2 Qe8 9. Bf4 d6 10. Ng5 Bxg2 11. Kxg2 Qc6+ 12. d5 exd5 13. cxd5 Nxd5 14. Qb3 Bxg5 15. Bxg5 h6 16. Bd2 1-0

[Event "Knjaz Milos Jezero Open"]
[Site "?"]
[Date "2004.08.21"]
[Round "5"]
[White "Pavlovic Desimir"]
[Black "Brujic Bozidar"]
[Result "0-1"]
[WhiteElo "2053"]
[BlackElo "2200"]
[PlyCount "52"]
[EventDate "2004.??.??"]
[Source "www.chesslib.no"]
[SourceDate "2004.05.04"]

1. d4 f5 2. c4 Nf6 3. Nf3 c6 4. Nc3 d5 5. cxd5 cxd5 6. g3 Nc6 7. Bg2 e6 8. O-O Bd6 9. b3 O-O 10. e3 Bd7 11. Bb2 Rc8 12. Rc1 Qe8 13. Qe2 Ne4 14. Nxe4 fxe4 15. Ne1 a6 16. f3 Qh5 17. Rf2 exf3 18. Nxf3 Nb4 19. a3 Bb5 20. Qd2 Nd3 21. Rxc8 Rxc8 22. a4 Nxf2 23. axb5 Ne4 24. Qd3 a5 25. Ne1 Qf5 26. Qe2 Nc3 0-1

[Event "AS04 Centenary"]
[Site "?"]
[Date "2004.02.11"]
[Round "5"]
[White "Bue Gunnar"]
[Black "Nielsen Jorgen G"]
[Result "1-0"]
[WhiteElo "1954"]
[BlackElo "2245"]
[PlyCount "89"]
[EventDate "2004.??.??"]
[Source "www.chesslib.no"]
[SourceDate "2004.05.04"]

1. d4 f5 2. c4 Nf6 3. Nf3 g6 4. e3 Bg7 5. Be2 O-O 6. Nc3 d6 7. O-O Re8 8. b4 Nbd7 9. Bb2 e5 10. c5 h6 11. Qb3+ Kh7 12. cxd6 cxd6 13. Nb5 e4 14. Nd2 Nb6 15. Qc2 Nfd5 16. a3 Be6 17. Rfc1 Rc8 18. Qd1 a6 19. Rxc8 Bxc8 20. Nc3 Nxc3 21. Bxc3 Nd5 22. Bb2 b5 23. a4 Qb6 24. axb5 axb5 25. Ra5 Bd7 26. Qb3 Nc7 27. Nb1 Be6 28. Qa3 Bc4 29. Bd1 Qc6 30. Ra7 Rb8 31. Nd2 Rb7 32. Rxb7 Qxb7 33. Nxc4 bxc4 34. Ba4 Bf8 35. Bc3 d5 36. Qb2 Qa6 37. Qa1 Kg7 38. g3 Kf6 39. h3 Bd6 40. Kg2 g5 41. f3 Ke6 42. fxe4 dxe4 43. d5+ Nxd5 44. Bd7+ Kxd7 45. Qxa6 1-0

[Event "BL9798 (Women)"]
[Site "Germany"]
[Date "1998.??.??"]
[Round "?"]
[White "Steinbacher, Claudia"]
[Black "Kube, Hannelore"]
[Result "1-0"]
[WhiteElo "2130"]
[BlackElo "2050"]
[PlyCount "81"]
[EventDate "1997.10.??"]
[Source "www.chesslib.no"]
[SourceDate "2004.05.04"]

1. d4 f5 2. c4 Nf6 3. Nf3 e6 4. Qc2 Be7 5. Nc3 d5 6. e3 O-O 7. Bd3 c6 8. cxd5 cxd5 9. O-O Nc6 10. a3 Ne4 11. Bd2 Bd7 12. Rfc1 Rc8 13. Qd1 Qe8 14. Be1 Bd6 15. Ne2 Rf6 16. Bb5 Rh6 17. Ng3 f4 18. Nf1 fxe3 19. Nxe3 Qh5 20. h3 Bf4 21. Ng4 Bxc1 22. Rxc1 Rg6 23. Bxc6 Bxc6 24. Nfe5 Rg5 25. f4 Rf5 26. b4 Qe8 27. Qb3 Rxf4 28. Qe3 Rf5 29. Kh2 Bb5 30. Ra1 Ba4 31. Qd3 Bb5 32. Qb3 Nd6 33. Qg3 Kh8 34. Ne3 Ne4 35. Qg4 Rg5 36. Qf3 Kg8 37. Bh4 Rh5 38. Bg3 Rc3 39. a4 Ba6 40. b5 Bxb5 41. axb5 1-0

[Event "Condom"]
[Site "?"]
[Date "2005.07.14"]
[Round "7.18"]
[White "Foulon Greta"]
[Black "Zarrouati Pierre"]
[Result "0-1"]
[WhiteElo "1977"]
[BlackElo "2171"]
[PlyCount "82"]
[EventDate "2005.??.??"]
[Source "www.chesslib.no"]
[SourceDate "2004.05.04"]

1. d4 f5 2. c4 Nf6 3. Nf3 b6 4. g3 e6 5. Bg2 Bb7 6. O-O Be7 7. Nc3 O-O 8. Qc2 a5 9. Bg5 Ne4 10. Bxe7 Qxe7 11. Rad1 Nxc3 12. Qxc3 d6 13. Qd2 Nd7 14. d5 e5 15. Ng5 Nc5 16. f4 e4 17. Qd4 a4 18. Kh1 Ba6 19. Rc1 Rab8 20. g4 h6 21. Ne6 Nxe6 22. dxe6 c5 23. Qd1 Qxe6 24. Qxa4 Bb7 25. gxf5 Qxf5 26. Qb3 Bc6 27. Qe3 Qf6 28. Rc3 b5 29. cxb5 Rxb5 30. b3 Rb4 31. Qd2 Rd4 32. Qc1 Bb5 33. Qe3 Re8 34. a4 Ba6 35. Bh3 Re7 36. Rg1 Rd3 37. exd3 Qxc3 38. f5 Bb7 39. Bg2 Qxd3 40. Qxh6 gxh6 41. Bxe4+ Kf8 0-1

[Event "Mind Sports Games - Rapid Team w"]
[Site "Pechino CINA"]
[Date "2008.10.14"]
[Round "1"]
[White "Zechner, A."]
[Black "Hoang Thi Nhu Y"]
[Result "0-1"]
[WhiteElo "1986"]
[BlackElo "2127"]
[PlyCount "61"]
[EventDate "2008.10.14"]
[Source "www.chesslib.no"]
[SourceDate "2004.05.04"]

1. d4 f5 2. c4 Nf6 3. Nf3 b6 4. Nc3 Bb7 5. Bf4 e6 6. e3 Be7 7. Bd3 O-O 8. O-O c5 9. Re1 d5 10. cxd5 Nxd5 11. Nxd5 exd5 12. Rc1 c4 13. Bf1 b5 14. a4 a6 15. axb5 axb5 16. Ra1 Nc6 17. Rxa8 Qxa8 18. Qa1 Bb4 19. Rc1 Na5 20. Rd1 Nb3 21. Qb1 Qa6 22. g3 g6 23. Bg2 Ra8 24. Bh6 Qa2 25. Qc2 Ba3 26. Qe2 Qxb2 27. Qe1 c3 28. Rb1 Qa2 29. e4 dxe4 30. Ne5 c2 31. Qe3 0-1

[Event "Dresden GER"]
[Site "?"]
[Date "2006.02.18"]
[Round "2"]
[White "Bue Gunnar"]
[Black "Schoene Armin"]
[Result "0-1"]
[WhiteElo "1896"]
[BlackElo "2187"]
[PlyCount "88"]
[EventDate "2006.??.??"]
[Source "www.chesslib.no"]
[SourceDate "2004.05.04"]

1. d4 f5 2. c4 Nf6 3. Nf3 g6 4. e3 d6 5. Be2 Bg7 6. b3 c5 7. Bb2 Ne4 8. Nbd2 Qa5 9. O-O Nc3 10. Bxc3 Qxc3 11. Rc1 Qa5 12. Qc2 Nc6 13. Rfd1 cxd4 14. exd4 Nxd4 15. Nxd4 Bxd4 16. Nf3 Bc5 17. Qc3 Qxc3 18. Rxc3 Bd7 19. Rcd3 Bc6 20. Ng5 Rc8 21. Rh3 h6 22. Ne6 Bb4 23. Nf4 Kf7 24. Rg3 Rhg8 25. c5 Bxc5 26. Bc4+ Kf6 27. Bxg8 Rxg8 28. Nd5+ Bxd5 29. Rxd5 e6 30. Rd1 a5 31. Rgd3 d5 32. Kf1 f4 33. g4 h5 34. h3 Rh8 35. Kg2 hxg4 36. hxg4 Rh4 37. f3 Rh7 38. Rh1 Rd7 39. Rhd1 Be3 40. a3 Rc7 41. Kh3 Rc2 42. Rf1 Ra2 43. a4 Rc2 44. b4 axb4 0-1

[Event "Festival Citta' di Nichelino 2008 - Ope"]
[Site "Nichelino ITA"]
[Date "2008.10.04"]
[Round "4"]
[White "PARODI, Alessandro"]
[Black "TORRIONE, William"]
[Result "1/2-1/2"]
[WhiteElo "2074"]
[BlackElo "1972"]
[PlyCount "107"]
[EventDate "2008.10.02"]
[Source "www.chesslib.no"]
[SourceDate "2004.05.04"]

1. d4 f5 2. c4 Nf6 3. Nf3 e6 4. g3 b6 5. Bg2 Bb7 6. O-O Be7 7. b3 O-O 8. Ba3 Be4 9. Bxe7 Qxe7 10. Nc3 d6 11. d5 Bxf3 12. Bxf3 e5 13. e4 Nxe4 14. Nxe4 fxe4 15. Bxe4 Nd7 16. Qc2 g6 17. Rae1 Qf6 18. f4 exf4 19. Rxf4 Qd4+ 20. Qf2 Qxf2+ 21. Kxf2 g5 22. Rxf8+ Rxf8+ 23. Kg2 Ne5 24. Rf1 Rxf1 25. Kxf1 h6 26. h3 Kf7 27. Ke2 Kf6 28. Ke3 a5 29. a3 Nd7 30. Kd4 Nc5 31. Bc2 Nd7 32. b4 axb4 33. axb4 Ne5 34. Be4 Nd7 35. Bf3 Ne5 36. Bg2 Nd7 37. Be4 Ne5 38. c5 bxc5+ 39. bxc5 Nd7 40. cxd6 cxd6 41. Bf3 Nb6 42. Bd1 Kf5 43. Bg4+ Kf6 44. Bd1 Na8 45. Ba4 Nb6 46. Bb5 Kf5 47. Be8 Kf6 48. g4 Nc8 49. Bh5 Ne7 50. Be8 Nc8 51. Bh5 Nb6 52. Be8 Ke7 53. Bg6 Na4 54. Bf5 1/2-1/2

[Event "DMP 1. League"]
[Site "?"]
[Date "2005.07.11"]
[Round "9"]
[White "Nowak Malgorzata"]
[Black "Kohut Anna"]
[Result "1/2-1/2"]
[WhiteElo "1921"]
[BlackElo "2065"]
[PlyCount "101"]
[EventDate "2005.??.??"]
[Source "www.chesslib.no"]
[SourceDate "2004.05.04"]

1. d4 f5 2. c4 Nf6 3. Nf3 g6 4. g3 Bg7 5. b4 O-O 6. Bg2 d5 7. c5 b6 8. cxb6 cxb6 9. Bb2 Ne4 10. Nbd2 Bd7 11. Qb3 e6 12. O-O Nc6 13. Rfd1 Qe7 14. a3 b5 15. Ne5 Bxe5 16. dxe5 a5 17. f3 Nxd2 18. Rxd2 axb4 19. axb4 Rxa1+ 20. Bxa1 Qxb4 21. Qxb4 Nxb4 22. Bd4 Rc8 23. e4 Rc2 24. Rxc2 Nxc2 25. Bb2 dxe4 26. fxe4 b4 27. exf5 gxf5 28. Kf2 Bb5 29. Bf3 Na3 30. Bd1 Nc4 31. Bd4 Kf7 32. Be2 Na3 33. Bd1 Nc4 34. Be2 Na3 35. Bd1 Bd3 36. Bh5+ Kg7 37. Bc5 Nc2 38. Bd1 b3 39. Bxc2 bxc2 40. Ba3 Kf7 41. Ke3 Be4 42. Bc1 Ke7 43. Kd4 Kd7 44. Kc5 Ke7 45. Kd4 Kf7 46. Ke3 Kg6 47. Kf4 Kh5 48. Ba3 Kg6 49. Bc1 Kf7 50. Ke3 Ke7 51. Kd4 1/2-1/2

[Event "Gausdal"]
[Site "?"]
[Date "2003.04.05"]
[Round "3"]
[White "Bue Gunnar"]
[Black "Vea Odin Blikra"]
[Result "1-0"]
[WhiteElo "1960"]
[BlackElo "2017"]
[PlyCount "73"]
[EventDate "2003.??.??"]
[Source "www.chesslib.no"]
[SourceDate "2004.05.04"]

1. d4 f5 2. c4 Nf6 3. Nf3 g6 4. e3 Bg7 5. Be2 d6 6. O-O O-O 7. b3 Qe8 8. Bb2 Ne4 9. Nbd2 Nxd2 10. Qxd2 Nc6 11. Rad1 e5 12. dxe5 dxe5 13. b4 e4 14. Nd4 Ne5 15. Nb5 Qe7 16. Nd4 Bd7 17. b5 Rad8 18. Qa5 f4 19. Ba3 Qg5 20. exf4 Rxf4 21. Bc1 Rdf8 22. Bxf4 Rxf4 23. Qd2 Qf6 24. g3 Bh6 25. Qc2 Bh3 26. gxf4 Qxf4 27. Kh1 Nf3 28. Bxf3 exf3 29. Rg1 Bg7 30. Qd3 Be5 31. Rg3 Bg2+ 32. Kg1 Qf6 33. Nxf3 Bxg3 34. Kxg2 Bd6 35. c5 Be7 36. Qd5+ Kg7 37. Re1 1-0

[Event "Regionalliga SW9798"]
[Site "Bayern"]
[Date "1998.??.??"]
[Round "?"]
[White "Benedde, Guenter"]
[Black "Tuerschmann, Steffen"]
[Result "1/2-1/2"]
[WhiteElo "2065"]
[BlackElo "1900"]
[PlyCount "64"]
[EventDate "1997.??.??"]
[Source "www.chesslib.no"]
[SourceDate "2004.05.04"]

1. d4 f5 2. c4 Nf6 3. Nf3 e6 4. a3 Be7 5. Nc3 d5 6. e3 c6 7. Bd3 O-O 8. O-O Ne4 9. Ne5 Nd7 10. Nxd7 Bxd7 11. f3 Nxc3 12. bxc3 Bd6 13. Qe2 Qc7 14. g3 Rf6 15. Rf2 Raf8 16. Rg2 e5 17. c5 Be7 18. Bc2 Be6 19. Bd2 Bf7 20. f4 e4 21. Bb3 Qd7 22. Rb1 Be6 23. c4 dxc4 24. Bxc4 R8f7 25. Be1 Bd8 26. Qa2 Bxc4 27. Qxc4 Qe6 28. Qa4 b5 29. Qc2 a5 30. g4 Rg6 31. g5 Rd7 32. h4 Qd5 1/2-1/2

[Event "XIX Czech Infinity Open"]
[Site "Pardubice CEC"]
[Date "2008.07.11"]
[Round "1"]
[White "Ivanova, M2."]
[Black "Shishkin, Vl"]
[Result "0-1"]
[WhiteElo "1724"]
[BlackElo "2189"]
[PlyCount "46"]
[EventDate "2008.07.11"]
[Source "www.chesslib.no"]
[SourceDate "2004.05.04"]

1. d4 f5 2. c4 Nf6 3. Nf3 g6 4. e3 Bg7 5. Nc3 d6 6. Bd3 Nc6 7. O-O e5 8. dxe5 dxe5 9. e4 f4 10. a3 Bg4 11. h3 Bxf3 12. Qxf3 Nd4 13. Qd1 Bf8 14. Qa4+ c6 15. b4 Nf3+ 16. gxf3 Qxd3 17. Qb3 Qxf3 18. Kh2 h5 19. Qc2 Ng4+ 20. Kg1 a5 21. Qe2 Qxh3 22. f3 axb4 23. Nb1 Bc5+ 0-1

[Event "Polch RL-ch"]
[Site "?"]
[Date "1993.??.??"]
[Round "?"]
[White "Braemigk, U."]
[Black "Weber, J."]
[Result "0-1"]
[WhiteElo "1935"]
[BlackElo "1975"]
[PlyCount "66"]
[EventDate "1993.??.??"]
[Source "www.chesslib.no"]
[SourceDate "2004.05.04"]

1. d4 f5 2. c4 Nf6 3. Nf3 e6 4. Bg5 Bb4+ 5. Nbd2 O-O 6. e3 d5 7. Bd3 c6 8. Qc2 Qe7 9. O-O Nbd7 10. a3 Bd6 11. c5 Bc7 12. b4 e5 13. dxe5 Nxe5 14. Nxe5 Bxe5 15. Bf4 Bxa1 16. Rxa1 Ne4 17. Bxe4 fxe4 18. a4 Qf6 19. Nb3 h5 20. Rb1 h4 21. Qb2 Qg6 22. Kh1 Qh5 23. Nd4 Rf6 24. b5 Rg6 25. Qe2 Bg4 26. Qb2 h3 27. g3 Bd7 28. Kg1 Rf8 29. Qd2 Rgf6 30. Rf1 cxb5 31. Bd6 R8f7 32. axb5 Bxb5 33. Qd1 Rxf2 0-1

[Event "Open"]
[Site "Zagabria CRO"]
[Date "2007.03.20"]
[Round "4"]
[White "Okrosa, M."]
[Black "Sambolec, A."]
[Result "1-0"]
[WhiteElo "2025"]
[BlackElo "1828"]
[PlyCount "93"]
[EventDate "2007.03.17"]
[Source "www.chesslib.no"]
[SourceDate "2004.05.04"]

1. d4 f5 2. c4 Nf6 3. h4 g6 4. h5 Bg7 5. hxg6 hxg6 6. Rxh8+ Bxh8 7. Qd2 d5 8. Qh6 Kf7 9. Nf3 Qg8 10. Ne5+ Ke8 11. Qxg6+ Qxg6 12. Nxg6 Bg7 13. Nc3 dxc4 14. e3 Be6 15. Ne5 Na6 16. a3 Rd8 17. Bxc4 Bxc4 18. Nxc4 c5 19. Nb5 Ne4 20. f3 Nd6 21. Ncxd6+ exd6 22. Bd2 Kd7 23. Bc3 Re8 24. Kf2 Nc7 25. Nxd6 Kxd6 26. dxc5+ Kxc5 27. Bxg7 Nd5 28. Rc1+ Kd6 29. Bd4 b6 30. Rh1 Re7 31. Rh6+ Kd7 32. Rg6 Nc7 33. Rf6 Ne6 34. Rxf5 Nxd4 35. exd4 Kd6 36. Re5 Rc7 37. Re2 Kd5 38. Rd2 Rg7 39. g4 Rf7 40. Kg3 a5 41. g5 Ke6 42. Kg4 Kd5 43. f4 Ke4 44. f5 Rxf5 45. Re2+ Kd3 46. Kxf5 Kxe2 47. g6 1-0

[Event "Bayernliga 2001/02"]
[Site "?"]
[Date "2002.??.??"]
[Round "7"]
[White "Perzl Michael"]
[Black "Probst Albert"]
[Result "0-1"]
[WhiteElo "1805"]
[BlackElo "1960"]
[PlyCount "88"]
[EventDate "2002.??.??"]
[Source "www.chesslib.no"]
[SourceDate "2004.05.04"]

1. d4 f5 2. c4 Nf6 3. Nf3 e6 4. Ne5 b6 5. Nd2 Bb4 6. a3 Bxd2+ 7. Qxd2 Bb7 8. Nf3 O-O 9. g3 d6 10. Bg2 Ne4 11. Qc2 Nc6 12. b3 Qe7 13. O-O Rae8 14. Bb2 Nd8 15. Rad1 Nf7 16. Ne1 Qg5 17. e3 Qh6 18. Qe2 g5 19. f3 Nf6 20. h3 e5 21. d5 Nh5 22. Qf2 f4 23. exf4 gxf4 24. gxf4 Nxf4 25. Kh2 Bc8 26. Nd3 Nxh3 27. Bxh3 Qxh3+ 28. Kg1 Kh8 29. Qh2 Rg8+ 30. Kh1 Rg3 31. Nf4 Qxh2+ 32. Kxh2 Reg8 33. Rf2 R3g5 34. Rg2 h6 35. Rxg5 Nxg5 36. Rf1 Kh7 37. Ne2 Bf5 38. f4 exf4 39. Rxf4 Bg6 40. Nd4 Re8 41. Rf2 Re3 42. b4 Be4 43. Rd2 h5 44. Re2 Nf3+ 0-1

[Event "Deizisau III Neckar op-B"]
[Site "Deizisau"]
[Date "1999.04.02"]
[Round "2"]
[White "Gebhardt, Uwe"]
[Black "Gustain, Eric"]
[Result "1-0"]
[WhiteElo "1980"]
[BlackElo "1771"]
[PlyCount "77"]
[EventDate "1999.04.01"]
[Source "www.chesslib.no"]
[SourceDate "2004.05.04"]

1. d4 f5 2. c4 Nf6 3. d5 e5 4. dxe6 d6 5. g3 Bxe6 6. Bg2 c6 7. b3 d5 8. cxd5 Bxd5 9. Nf3 Bc5 10. e3 O-O 11. O-O Ne4 12. Bb2 Nd7 13. Qc2 Ndf6 14. Nd4 Bxd4 15. Bxd4 Qd7 16. Na3 b5 17. Rad1 a5 18. Bxf6 Rxf6 19. h4 Qe7 20. Nxb5 Qe5 21. Nd4 h6 22. Nf3 Qe7 23. Nd2 g5 24. Nxe4 fxe4 25. Qe2 gxh4 26. Qg4+ Kh7 27. Qxh4 Re8 28. Rd4 Re6 29. Qxe7+ R8xe7 30. Rc1 a4 31. bxa4 Bxa2 32. Bh3 Rf6 33. Rc5 Bd5 34. Bf1 Ref7 35. Rd2 Ra7 36. Bc4 Rxa4 37. Bxd5 cxd5 38. Rcxd5 Ra1+ 39. Kg2 1-0

[Event "13. Clansko DP Slovenije 2003"]
[Site "?"]
[Date "2003.08.08"]
[Round "7"]
[White "Kodela Matjaz"]
[Black "Bizjak Janez"]
[Result "1-0"]
[WhiteElo "1893"]
[BlackElo "1691"]
[PlyCount "71"]
[EventDate "2003.??.??"]
[Source "www.chesslib.no"]
[SourceDate "2004.05.04"]

1. d4 f5 2. c4 Nf6 3. Nf3 c6 4. Nc3 e6 5. g3 Be7 6. Bg2 Na6 7. O-O O-O 8. d5 Re8 9. a3 Bf8 10. b4 e5 11. Bg5 h6 12. Bxf6 Qxf6 13. Qc2 Nc7 14. Rad1 g6 15. e4 d6 16. dxc6 bxc6 17. exf5 Bxf5 18. Qa4 Bd7 19. Nd2 a6 20. Bxc6 Bxc6 21. Qxc6 Qf7 22. Nde4 Rec8 23. Nxd6 Bxd6 24. Qxd6 Qe6 25. c5 Qxd6 26. Rxd6 Kf7 27. Re1 Re8 28. Rd7+ Re7 29. Rxe7+ Kxe7 30. Rxe5+ Kf6 31. f4 Rd8 32. Ne4+ Kf7 33. Nd6+ Kf6 34. Kf2 Nb5 35. Nxb5 axb5 36. Ke2 1-0

[Event "Dortmund"]
[Site "?"]
[Date "2004.07.28"]
[Round "6"]
[White "Der Josef"]
[Black "Bergmann Josef"]
[Result "0-1"]
[WhiteElo "1695"]
[BlackElo "1817"]
[PlyCount "38"]
[EventDate "2004.??.??"]
[Source "www.chesslib.no"]
[SourceDate "2004.05.04"]

1. d4 f5 2. c4 Nf6 3. Nf3 e6 4. Bg5 Bb4+ 5. Nc3 O-O 6. Qb3 Bxc3+ 7. Qxc3 b6 8. e3 Bb7 9. Be2 d6 10. O-O Nbd7 11. h3 Qe8 12. Nd2 Qg6 13. Bf3 Bxf3 14. gxf3 Qxg5+ 15. Kh2 Qh4 16. Qd3 Ng4+ 17. fxg4 fxg4 18. e4 Rf3 19. Nxf3 Qxh3+ 0-1

[Event "Vienna op-B 14th"]
[Site "?"]
[Date "2003.08.20"]
[Round "5"]
[White "Mutschlechner Robert"]
[Black "Kowarsch Peter"]
[Result "1/2-1/2"]
[WhiteElo "1801"]
[BlackElo "1685"]
[PlyCount "75"]
[EventDate "2003.??.??"]
[Source "www.chesslib.no"]
[SourceDate "2004.05.04"]

1. d4 f5 2. c4 Nf6 3. Bg5 e6 4. Nc3 Be7 5. Nf3 h6 6. Bc1 b6 7. g3 d6 8. Bg2 Bb7 9. Qc2 O-O 10. Nh4 Bxg2 11. Nxg2 c6 12. Nf4 Qd7 13. Bd2 d5 14. Qb3 Kh7 15. O-O-O a5 16. Na4 dxc4 17. Qe3 Ng4 18. Qxe6 Qxe6 19. Nxe6 Rf6 20. Nf4 Nxf2 21. Nxb6 Ra6 22. Nxc4 Nxh1 23. Rxh1 Bb4 24. Be3 Nd7 25. a3 Bd6 26. Rf1 Bxf4 27. Rxf4 Nb6 28. b3 a4 29. Nxb6 Rxb6 30. b4 Rb5 31. Rf3 g5 32. Kd2 Kg6 33. Rf1 Re6 34. Rc1 Rd6 35. Ke1 Re6 36. Kd2 Rd6 37. Ke1 Re6 38. Kd2 1/2-1/2

[Event "Karl-Zimmer op"]
[Site "?"]
[Date "1996.11.??"]
[Round "?"]
[White "Jungmann Eduard"]
[Black "Schneider Miloca"]
[Result "1/2-1/2"]
[WhiteElo "1690"]
[BlackElo "1732"]
[PlyCount "50"]
[EventDate "1996.??.??"]
[Source "www.chesslib.no"]
[SourceDate "2004.05.04"]

1. d4 f5 2. c4 Nf6 3. Nf3 g6 4. e3 Bg7 5. Nc3 d6 6. Be2 c6 7. O-O O-O 8. h3 Qc7 9. b4 e5 10. b5 e4 11. Ne1 Nbd7 12. Ba3 c5 13. Nc2 Nb6 14. d5 Nfd7 15. Bb2 Ne5 16. Na3 Bd7 17. Qc2 Be8 18. Nd1 g5 19. f4 exf3 20. Bxf3 Nxf3+ 21. Rxf3 Bg6 22. Bxg7 Qxg7 23. Qc3 Nd7 24. Qxg7+ Kxg7 25. Rc1 Ne5 1/2-1/2

[Event "Corr"]
[Site "?"]
[Date "1999.12.17"]
[Round "?"]
[White "Geus Jan"]
[Black "Stupak Piotr"]
[Result "1/2-1/2"]
[WhiteElo "1814"]
[BlackElo "1600"]
[PlyCount "84"]
[EventDate "1999.??.??"]
[Source "www.chesslib.no"]
[SourceDate "2004.05.04"]

1. d4 f5 2. c4 Nf6 3. Nf3 b6 4. Bf4 Bb7 5. e3 e6 6. Bd3 Bb4+ 7. Nbd2 O-O 8. O-O Nc6 9. a3 Be7 10. Qc2 a5 11. d5 Na7 12. Nd4 exd5 13. Nxf5 Bc5 14. Nb3 d6 15. cxd5 Bxd5 16. e4 Be6 17. Nbd4 Bf7 18. b4 axb4 19. axb4 Bxb4 20. Rxa7 Rxa7 21. Nc6 Qa8 22. Nfe7+ Kh8 23. Nxa7 Qxa7 24. Nc6 Qa3 25. Nxb4 Qxb4 26. Qxc7 Qd4 27. Bb1 Ne8 28. Qe7 Kg8 29. Be3 Qf6 30. Qxf6 Nxf6 31. Bxb6 d5 32. e5 Ne4 33. Rc1 Rb8 34. Ba7 Re8 35. f4 g5 36. g3 Be6 37. Rc7 Rc8 38. Rxc8+ Bxc8 39. Ba2 Be6 40. Bd4 gxf4 41. gxf4 Kf7 42. Kf1 Kg6 1/2-1/2

[Event "Troisdorf"]
[Site "?"]
[Date "2004.11.02"]
[Round "1.16"]
[White "Bonus Christian"]
[Black "Schulz Kai Tober"]
[Result "0-1"]
[WhiteElo "1462"]
[BlackElo "1945"]
[PlyCount "64"]
[EventDate "2004.??.??"]
[Source "www.chesslib.no"]
[SourceDate "2004.05.04"]

1. d4 f5 2. c4 Nf6 3. Nf3 g6 4. Bg5 Bg7 5. Nc3 O-O 6. e3 d6 7. Bd3 Nc6 8. h4 h6 9. Bf4 Ng4 10. h5 e5 11. dxe5 dxe5 12. Bxh6 Nxh6 13. Nh4 e4 14. Be2 Qxd1+ 15. Rxd1 Bxc3+ 16. bxc3 g5 17. Ng6 Rd8 18. Ne7+ Kf7 19. Nd5 Be6 20. Nxc7 Rxd1+ 21. Kxd1 Rd8+ 22. Kc2 Ne5 23. f4 gxf4 24. exf4 Nxc4 25. Bxc4 Bxc4 26. a4 Ng4 27. g3 e3 28. Nb5 Rd2+ 29. Kc1 Nf2 30. Rg1 Nd3+ 31. Kb1 Bxb5 32. axb5 e2 0-1

[Event "Gausdal"]
[Site "?"]
[Date "1999.07.30"]
[Round "1"]
[White "Svensen Tarjei Joten"]
[Black "Mogstad Ola P"]
[Result "1/2-1/2"]
[WhiteElo "1588"]
[BlackElo "1813"]
[PlyCount "62"]
[EventDate "1999.??.??"]
[Source "www.chesslib.no"]
[SourceDate "2004.05.04"]

1. d4 f5 2. c4 Nf6 3. Nf3 e6 4. g3 Bb4+ 5. Bd2 Bxd2+ 6. Nbxd2 O-O 7. Bg2 c6 8. O-O d5 9. e3 Ne4 10. Ne5 Nd7 11. Ndf3 Ndf6 12. c5 g5 13. b4 a6 14. a4 g4 15. Nh4 Bd7 16. f3 gxf3 17. Nhxf3 Be8 18. Qc2 Kg7 19. Nd3 Qe7 20. Nf4 Ng4 21. Qd3 Kh8 22. Rab1 Rg8 23. Rb2 Bd7 24. Kh1 Qf6 25. Bh3 Qh6 26. Kg1 Raf8 27. Bxg4 Rxg4 28. Rg2 Be8 29. Ne5 Rg7 30. Qe2 Rg5 31. Qd1 Qf6 1/2-1/2

[Event "It (Open) Mont de Marsan FRA"]
[Site "?"]
[Date "2005.12.27"]
[Round "4"]
[White "Locatelli Claude"]
[Black "Moulie Patrick"]
[Result "0-1"]
[WhiteElo "1580"]
[BlackElo "1820"]
[PlyCount "60"]
[EventDate "2005.??.??"]
[Source "www.chesslib.no"]
[SourceDate "2004.05.04"]

1. d4 f5 2. c4 Nf6 3. Nf3 e6 4. g3 Bb4+ 5. Nbd2 O-O 6. Bg2 d6 7. O-O c6 8. a3 Ba5 9. b4 Bc7 10. Bb2 Re8 11. Re1 e5 12. dxe5 dxe5 13. e4 fxe4 14. Nxe4 Nbd7 15. Nfd2 Nf8 16. Nxf6+ gxf6 17. f3 Bf5 18. Ne4 Qe7 19. Qe2 Rad8 20. Rad1 a5 21. Bc3 b6 22. c5 Bxe4 23. Qxe4 bxc5 24. Qc4+ Kg7 25. bxc5 Rxd1 26. Rxd1 Rd8 27. Rxd8 Qxd8 28. Qa4 Qd5 29. Kh1 Qxc5 30. Qb3 Bb6 0-1

[Event "Gemuend op Sen1"]
[Site "?"]
[Date "1999.10.27"]
[Round "5"]
[White "Osten Horst"]
[Black "Langenfeld Heinz"]
[Result "0-1"]
[WhiteElo "1439"]
[BlackElo "1947"]
[PlyCount "62"]
[EventDate "1999.??.??"]
[Source "www.chesslib.no"]
[SourceDate "2004.05.04"]

1. d4 f5 2. c4 Nf6 3. Nf3 e6 4. e3 b6 5. g3 Bb7 6. Bg2 c5 7. O-O Be7 8. Nc3 O-O 9. Ne2 Ne4 10. a3 d5 11. Ne5 Nc6 12. Nxc6 Bxc6 13. Qd3 Rc8 14. b3 Qd7 15. Bb2 Bf6 16. Rab1 g5 17. f3 Nd6 18. dxc5 bxc5 19. Bxf6 Rxf6 20. Qc3 Rh6 21. Rfd1 Qf7 22. Qe5 Rd8 23. Rb2 Qe7 24. cxd5 Nf7 25. Qc3 exd5 26. b4 cxb4 27. Rxb4 Nd6 28. Nd4 Ba8 29. Re1 Rf6 30. Bf1 Rc8 31. Rb8 Rxb8 0-1